Normal view
MARC view
- Hali S.M
Entry Personal Name
001 - CONTROL NUMBER
- control field: 9213
003 - CONTROL NUMBER IDENTIFIER
- control field: NUST
005 - DATE AND TIME OF LATEST TRANSACTION
- control field: 20180120135606.0
008 - FIXED-LENGTH DATA ELEMENTS
- fixed length control field: 180120|| aca||aabn | a|a d
040 ## - CATALOGING SOURCE
- Original cataloging agency: NUST
- Transcribing agency: NUST
100 ## - HEADING--PERSONAL NAME
- Personal name: Hali S.M
670 ## - SOURCE DATA FOUND
- Source citation: Work cat.: (NUST)328105: Hali S.M, Pakistan Air Force
